<?xml version="1.0" encoding="UTF-8"?>
<marc:record xmlns:marc="http://www.loc.gov/MARC21/slim">
   <marc:leader>00000nam a2200000 a 4500</marc:leader>
   <marc:datafield ind1="1" ind2=" " tag="100">
      <marc:subfield code="a">Brandis, Mark</marc:subfield>
      <marc:subfield code="4">aut</marc:subfield>
      <marc:subfield code="e">Verfasser/-in</marc:subfield>
   </marc:datafield>
   <marc:datafield ind1="0" ind2="0" tag="245">
      <marc:subfield code="a">Geheimsache Wetterhahn</marc:subfield>
   </marc:datafield>
   <marc:datafield ind1="0" ind2="0" tag="245">
      <marc:subfield code="b">Revolution im Weltraum</marc:subfield>
   </marc:datafield>
   <marc:datafield ind1=" " ind2="1" tag="264">
      <marc:subfield code="a">Freiburg im Breisgau [u.a.]</marc:subfield>
      <marc:subfield code="b">Herder</marc:subfield>
      <marc:subfield code="c">1987</marc:subfield>
   </marc:datafield>
   <marc:datafield ind1="1" ind2=" " tag="490">
      <marc:subfield code="a">Weltraumpartisanen / Mark Brandis ; 31</marc:subfield>
   </marc:datafield>
   <marc:datafield ind1="1" ind2=" " tag="520">
      <marc:subfield code="a">In diesem neuen Buch von Mark Brandis begegnen uns viele bekannte Personen der vorigen Bände, ebenso wie die beiden Staatsverbände EAAU und VOR. Ein machthungriger Diktator, Konsul Dreyer, will das Wetter manipulieren und sich zum Kaiser krönen lassen. Das Volk jubelt ihm zu. Doch Mark Brandis und seine Frau Ruth O'Hara wollen das verhindern. Dazu brauchen sie aber die Raumschiffe, die ausdrücklich zu humanitärer Hilfe verpflichtet sind. Letzten Endes muss Mark Brandis die Entscheidung fällen. Die fesselnde Handlung spitzt sich bis zum atemberaubenden Ende zu, in dem das tödliche "Kalte Licht" zum Einsatz gebracht wird. Ein weiterer Band voller Aufregung und Spannung.</marc:subfield>
   </marc:datafield>
   <marc:datafield ind1=" " ind2=" " tag="020">
      <marc:subfield code="a">345120942X</marc:subfield>
      <marc:subfield code="9">345120942X</marc:subfield>
   </marc:datafield>
   <marc:datafield ind1="0" ind2=" " tag="490">
      <marc:subfield code="v">0</marc:subfield>
   </marc:datafield>
   <marc:datafield ind1=" " ind2=" " tag="300">
      <marc:subfield code="a">190 S. : Ill.</marc:subfield>
   </marc:datafield>
</marc:record>
